Láznĕ Trenčianské Teplice

Zobrazenie: V bielom orámovaní pohľad z diaľky, pomedzi stromy na mesto. V pozadí za mestom vpravo je zvažujúci sa zalesnený kopec do ľava, ktorý prechádza do lúk a polí

Bibliographic Details
Format: Postcard
Language:Czech
PhysicalDescription:1 pohľadnica tónovaná do hneda 10 x 15 cm
Published: V Praze Klub československých turistů [1921?]
Subjects:

MARC

LEADER 00000nkm a2200000 a 4500
001 vtls011893579
003 SK-MaSNL
005 20260512130546.0
007 kp ao
008 240703q1921 xr g kucze
015 |a SNBG1921 
035 |a urn:nbn:sk:snk-km00eb25 
035 |a urn:nbn:sk:snk-km43g42 
035 |a F11CC7EC-37D3-4EE6-9B4C-960974C35BF8 
040 |a SNK  |b slo  |c SNK  |e AACR2 
041 0 |a cze 
043 |a e-xo--- 
044 |a xr  |c CZ 
072 7 |a 913  |x Regionálna geografia  |2 konspekt 
080 |a 913(437.6)  |2 2011 
080 |a 711.455:615.838  |2 2011 
080 |a 614.2:[725.1:614.21]  |2 2011 
080 |a (084.121)  |2 2011 
245 0 0 |a Láznĕ Trenčianské Teplice  |h grafika 
246 3 3 |a Láznĕ Trenčianske Teplice 
260 |a V Praze  |b Klub československých turistů  |c [1921?]  |e Praha  |f Unie 
300 |a 1 pohľadnica  |b tónovaná do hneda  |c 10 x 15 cm 
520 8 |a Zobrazenie: V bielom orámovaní pohľad z diaľky, pomedzi stromy na mesto. V pozadí za mestom vpravo je zvažujúci sa zalesnený kopec do ľava, ktorý prechádza do lúk a polí 
610 2 7 |a Kúpele Trenčianske Teplice (Slovensko)  |2 SNKKA  |9 189670 
650 0 7 |a kúpele  |2 SNKPH  |9 1139 
650 0 7 |a liečebne  |2 SNKPH  |9 56920 
651 7 |a Trenčianske Teplice (Slovensko)  |2 SNKPHgeo  |9 14503 
655 7 |a miestne pohľadnice  |2 SNKPH  |9 70510 
752 |a Česko  |d Praha 
852 |a Slovenská národná knižnica 
958 |a EUIPO 
958 |a GBN 
958 |a GC 
958 |a OND 
999 |c 1206351  |d 1208281 
952 |a SNK  |b SNK  |y PREZ  |7 0  |p 17A1286334  |o snkSP 136388  |z Pohľadnica prešla poštou.  |0 0  |1 0  |4 0  |d 2019-10-14  |f 1  |l 0  |r 2026-02-24 22:57:40  |w 2026-02-24